000 00627nam a2200241Ia 4500
003 OSt
005 20220924143303.0
006 a|||||r|||| 00| 0
007 ta
008 220923b |||||||| |||| 00| 0 urd d
024 _a307585
037 _cTextual
040 _aARTS
_cARTS
_burd
041 _2urd
_aurd
082 _aLv1.N5, 168J4
100 _aEberle Irmen Garde
_9215293
245 0 _aJadeed tabbi ehjadat
260 _c1954
650 _aMEDICINE
_94387
700 _a Shakoor Tr.
_9215294
942 _hLv1.N5, 168J4
_cTEXL
_2CC
999 _c453915
_d453915